| 000 | 00593nam a2200205Ia 4500 | ||
|---|---|---|---|
| 003 | OSt | ||
| 005 | 20230502114413.0 | ||
| 008 | 210423s2013 xx 000 0 und d | ||
| 020 | _a9789350711255 | ||
| 040 | _cAL | ||
| 041 | _aeng | ||
| 082 |
_a657.46 _223 _bSINV |
||
| 100 |
_aSINGHANIA (Vinod K);SINGHANIA (Monica). _995905 |
||
| 245 | _aTaxmann students guide to income tax: problems and solutions. | ||
| 260 |
_aNew Delhi _bTaxmann Publications Pvt Ltd _c2013 |
||
| 300 |
_a473 _bPB |
||
| 365 |
_b395 _cINR |
||
| 906 | _aguide ; income ; students ; tax. ; Taxmann | ||
| 942 |
_2ddc _cBK |
||
| 999 |
_c161435 _d161435 |
||